[Event "Scarborough CC Early Summer"]
[Site "Toronto CAN"]
[Date "2008.06.26"]
[Round "8"]
[White "Armstrong, Robert J"]
[Black "Perez, Michael"]
[Result "1/2-1/2"]
[WhiteElo "1752"]
[BlackElo "1763"]
[PlyCount "61"]
[GameId "2160767910350898"]
[EventDate "2008.05.08"]
[EventType "swiss"]
[EventRounds "8"]
[EventCountry "CAN"]
[SourceTitle "EXT 2011"]
[Source "ChessBase"]
[SourceDate "2011.11.26"]
[SourceVersion "1"]
[SourceVersionDate "2011.11.26"]
[SourceQuality "1"]

1. d4 Nf6 2. c4 e6 3. Nf3 d5 4. e3 Nbd7 5. Bd3 c6 6. O-O Bd6 7. Nc3 e5 8. dxe5 Nxe5 9. cxd5 Nxd3 10. Qxd3 cxd5 11. Rd1 Be6 12. b3 O-O 13. Bb2 Qe7 14. Nb5 Bc5 15. Rac1 b6 16. a3 a6 17. b4 axb5 18. bxc5 bxc5 19. Bxf6 gxf6 20. Qxb5 c4 21. Rxd5 Bxd5 22. Qxd5 Qxa3 23. Qxc4 Ra4 24. Qc6 Qb2 25. h3 Ra2 26. Rf1 Kh8 27. Nd4 Kg7 28. Qd6 Ra5 29. h4 h5 30. Qg3+ Kh7 31. Qd6 1/2-1/2

[Event "Scarborough CC Early Summer"]
[Site "Toronto CAN"]
[Date "2008.06.26"]
[Round "8"]
[White "Longo, Tyler"]
[Black "Wu, Kevin"]
[Result "0-1"]
[WhiteElo "1933"]
[BlackElo "1874"]
[PlyCount "76"]
[GameId "2160767910350899"]
[EventDate "2008.05.08"]
[EventType "swiss"]
[EventRounds "8"]
[EventCountry "CAN"]
[SourceTitle "EXT 2011"]
[Source "ChessBase"]
[SourceDate "2011.11.26"]
[SourceVersion "1"]
[SourceVersionDate "2011.11.26"]
[SourceQuality "1"]

1. d4 Nf6 2. Nf3 g6 3. b3 Bg7 4. Bb2 O-O 5. Nbd2 d5 6. e3 b6 7. Ne5 Bb7 8. Bd3 Nbd7 9. f4 c5 10. Qe2 Nxe5 11. dxe5 Nd7 12. h4 e6 13. h5 d4 14. exd4 cxd4 15. Bxd4 Nc5 16. Bxc5 bxc5 17. hxg6 fxg6 18. Qg4 Qd4 19. Qxe6+ Rf7 20. Ke2 Bc8 21. Qe8+ Rf8 22. Bc4+ Qxc4+ 23. Nxc4 Rxe8 24. Rad1 Ba6 25. Rd5 Bxc4+ 26. bxc4 Rac8 27. Rb1 Rc7 28. Rb5 Bf8 29. a4 Ree7 30. a5 Rc6 31. Ke3 Kf7 32. Rbxc5 Rxe5+ 33. fxe5 Bxc5+ 34. Ke4 Ke6 35. Rd8 Be7 36. Rd4 Rc5 37. g4 Rxe5+ 38. Kf3 Rxa5 0-1

[Event "Scarborough CC Early Summer"]
[Site "Toronto CAN"]
[Date "2008.06.26"]
[Round "8"]
[White "Verde, Pino"]
[Black "Maister, Martin"]
[Result "0-1"]
[WhiteElo "1754"]
[BlackElo "1788"]
[PlyCount "84"]
[GameId "2160767910350900"]
[EventDate "2008.05.08"]
[EventType "swiss"]
[EventRounds "8"]
[EventCountry "CAN"]
[SourceTitle "EXT 2011"]
[Source "ChessBase"]
[SourceDate "2011.11.26"]
[SourceVersion "1"]
[SourceVersionDate "2011.11.26"]
[SourceQuality "1"]

1. e4 c5 2. Bc4 Nc6 3. Nf3 e6 4. c3 d5 5. exd5 exd5 6. Bb3 Qe7+ 7. Qe2 Nf6 8. Qxe7+ Bxe7 9. d4 cxd4 10. Nxd4 O-O 11. Nxc6 bxc6 12. Nd2 a5 13. O-O Bf5 14. Re1 Bd6 15. Nf3 a4 16. Nd4 Rfe8 17. Be3 Bd7 18. Bc2 Ng4 19. Bf5 Bxf5 20. Nxf5 Bxh2+ 21. Kh1 Nxe3 22. Rxe3 Rxe3 23. Nxe3 Bc7 24. g3 Re8 25. Kg2 g6 26. Kf3 f5 27. Rd1 h5 28. c4 dxc4 29. Nxc4 Re7 30. Rd4 g5 31. Nd6 g4+ 32. Kg2 Bb6 33. Nc8 Bxd4 34. Nxe7+ Kf7 35. Nxf5 Bxb2 36. Nd6+ Ke6 37. Nc4 a3 38. Kf1 Kd5 39. Ne3+ Ke4 40. Ke2 c5 41. Kd2 Kf3 42. Nd1 Bd4 0-1

[Event "Scarborough CC Early Summer U1700"]
[Site "Toronto CAN"]
[Date "2008.05.08"]
[Round "1"]
[White "Dattani, Dinesh"]
[Black "Graham, John"]
[Result "1/2-1/2"]
[WhiteElo "1375"]
[BlackElo "1566"]
[PlyCount "99"]
[GameId "2160767910350902"]
[EventDate "2008.05.08"]
[EventType "swiss"]
[EventRounds "8"]
[EventCountry "CAN"]
[SourceTitle "EXT 2011"]
[Source "ChessBase"]
[SourceDate "2011.11.26"]
[SourceVersion "1"]
[SourceVersionDate "2011.11.26"]
[SourceQuality "1"]

1. e4 e6 2. d4 b6 3. Nc3 Bb7 4. Nf3 Bb4 5. Bd3 h6 6. Bd2 Nf6 7. e5 Bxc3 8. Bxc3 Nd5 9. Bd2 Nc6 10. a3 d6 11. exd6 Qxd6 12. O-O O-O-O 13. c3 Nf4 14. Bxf4 Qxf4 15. Qa4 Kb8 16. Rfe1 Ne7 17. Ne5 Rhf8 18. Nd7+ Ka8 19. Nxf8 Rxf8 20. Bf1 Ng6 21. Re3 Nh4 22. Rg3 e5 23. Ba6 e4 24. Bxb7+ Kxb7 25. d5 g5 26. Re1 Nf5 27. Rh3 g4 28. Rh5 Nd6 29. Rh4 Qg5 30. g3 Nf5 31. Qxe4 Nxh4 32. gxh4 f5 33. hxg5 fxe4 34. Rxe4 hxg5 35. Rxg4 Rf5 36. c4 Ka6 37. Kf1 Ka5 38. b3 b5 39. Ke2 bxc4 40. bxc4 Ka4 41. c5+ Kxa3 42. Rd4 Kb3 43. d6 cxd6 44. cxd6 Rf8 45. d7 Rd8 46. Ke3 a5 47. Rd5 a4 48. Ke4 a3 49. Ke5 a2 50. Ra5 1/2-1/2

[Event "Scarborough CC Early Summer U1700"]
[Site "Toronto CAN"]
[Date "2008.05.08"]
[Round "1"]
[White "Karpik, Steve"]
[Black "Xie, Peter"]
[Result "0-1"]
[WhiteElo "1565"]
[BlackElo "1373"]
[PlyCount "130"]
[GameId "2160767910350904"]
[EventDate "2008.05.08"]
[EventType "swiss"]
[EventRounds "8"]
[EventCountry "CAN"]
[SourceTitle "EXT 2011"]
[Source "ChessBase"]
[SourceDate "2011.11.26"]
[SourceVersion "1"]
[SourceVersionDate "2011.11.26"]
[SourceQuality "1"]

1. Nf3 d5 2. c4 Nf6 3. g3 Nc6 4. b3 e5 5. d3 dxc4 6. bxc4 e4 7. Nh4 Bb4+ 8. Bd2 exd3 9. Bxb4 Nxb4 10. Qa4+ Nc6 11. exd3 Qe7+ 12. Be2 O-O 13. Nc3 Nd4 14. Qd1 Re8 15. Ng2 Bg4 16. Ne3 Nxe2 17. Nxe2 Bf3 18. Rg1 Qb4+ 19. Qd2 Qxd2+ 20. Kxd2 Ng4 21. Nd4 Nxe3 22. fxe3 Bh5 23. Nb5 Rec8 24. Rab1 a6 25. Nd4 b6 26. Nc6 Kf8 27. Rgf1 f6 28. Ne5 Rd8 29. Rf5 Bg6 30. Nxg6+ hxg6 31. Rf4 b5 32. cxb5 axb5 33. Rb2 c5 34. d4 b4 35. Rh4 Kf7 36. Ke2 g5 37. Rg4 f5 38. Rxg5 Kf6 39. Rh5 cxd4 40. exd4 Rxd4 41. Rh4 Re8+ 42. Kf2 Rxh4 43. gxh4 Re4 44. Kf3 Rxh4 45. Kg3 Re4 46. Rc2 Kg5 47. Kf3 g6 48. Rg2+ Kf6 49. Rc2 Ke5 50. Rd2 Rd4 51. Re2+ Kd5 52. Rc2 Rd3+ 53. Kf4 Rd4+ 54. Ke3 f4+ 55. Kf3 Rc4 56. Rd2+ Kc5 57. h4 Kb5 58. Rd5+ Ka4 59. Kg4 Ka3 60. Ra5+ Kb2 61. Kg5 f3 62. Kxg6 Rxh4 63. Rf5 Kxa2 64. Rxf3 b3 65. Rf2+ b2 0-1

[Event "Scarborough CC Early Summer U1700"]
[Site "Toronto CAN"]
[Date "2008.05.08"]
[Round "1"]
[White "Pishdad, Hassan"]
[Black "Philip, Andrew"]
[Result "1-0"]
[WhiteElo "1291"]
[BlackElo "1563"]
[PlyCount "39"]
[GameId "2160767910350905"]
[EventDate "2008.05.08"]
[EventType "swiss"]
[EventRounds "8"]
[EventCountry "CAN"]
[SourceTitle "EXT 2011"]
[Source "ChessBase"]
[SourceDate "2011.11.26"]
[SourceVersion "1"]
[SourceVersionDate "2011.11.26"]
[SourceQuality "1"]

1. e4 c5 2. Bc4 Nc6 3. Nf3 d6 4. d4 cxd4 5. Nxd4 Nf6 6. Nxc6 bxc6 7. Bd3 g6 8. Bg5 Bg7 9. Bxf6 Bxf6 10. c3 Qb6 11. Qb3 Qc7 12. O-O Rb8 13. Qc2 Qb6 14. b4 O-O 15. Nd2 d5 16. exd5 cxd5 17. Rab1 Qc7 18. c4 dxc4 19. Bxc4 Bf5 20. Bxf7+ 1-0

[Event "Scarborough CC Early Summer U1700"]
[Site "Toronto CAN"]
[Date "2008.05.08"]
[Round "1"]
[White "Roe, Jim"]
[Black "Xia, Linda"]
[Result "0-1"]
[WhiteElo "1639"]
[BlackElo "1535"]
[PlyCount "60"]
[GameId "2160767910350906"]
[EventDate "2008.05.08"]
[EventType "swiss"]
[EventRounds "8"]
[EventCountry "CAN"]
[SourceTitle "EXT 2011"]
[Source "ChessBase"]
[SourceDate "2011.11.26"]
[SourceVersion "1"]
[SourceVersionDate "2011.11.26"]
[SourceQuality "1"]

1. d4 d5 2. c4 e6 3. Nc3 Nf6 4. Bg5 Nbd7 5. cxd5 exd5 6. Nxd5 Nxd5 7. Bxd8 Bb4+ 8. Qd2 Bxd2+ 9. Kxd2 Kxd8 10. Nf3 N7f6 11. e3 Be6 12. Rc1 Rc8 13. h3 h6 14. Bd3 Nb4 15. a3 Nxd3 16. Kxd3 Bf5+ 17. Ke2 Re8 18. Ne5 Be6 19. f3 Nh5 20. Rhd1 c6 21. Nd3 g5 22. Nf2 f5 23. Nd3 Bb3 24. Rd2 Nf4+ 25. Kf2 Nxd3+ 26. Rxd3 Bd5 27. g4 fxg4 28. hxg4 Rf8 29. e4 Bxe4 30. Re3 Bd5 0-1

[Event "Scarborough CC Early Summer U1700"]
[Site "Toronto CAN"]
[Date "2008.05.08"]
[Round "1"]
[White "Ward, Dean"]
[Black "Farrant-Diaz, Nathan"]
[Result "1-0"]
[WhiteElo "1592"]
[BlackElo "1515"]
[PlyCount "125"]
[GameId "2160767910350908"]
[EventDate "2008.05.08"]
[EventType "swiss"]
[EventRounds "8"]
[EventCountry "CAN"]
[SourceTitle "EXT 2011"]
[Source "ChessBase"]
[SourceDate "2011.11.26"]
[SourceVersion "1"]
[SourceVersionDate "2011.11.26"]
[SourceQuality "1"]

1. e4 b6 2. d4 Bb7 3. Nc3 e6 4. a3 Nf6 5. Bd3 c5 6. Nf3 Nc6 7. dxc5 Bxc5 8. h3 Nd4 9. Nxd4 Bxd4 10. Nb5 Be5 11. f4 Bc7 12. Nxc7+ Qxc7 13. Qe2 O-O 14. e5 Nd5 15. Bd2 Rac8 16. O-O-O Ba6 17. Qe4 Bxd3 18. Qxd3 d6 19. exd6 Qxd6 20. Kb1 Qc7 21. Rhf1 Rfd8 22. Qb3 Nxf4 23. Bxf4 Rxd1+ 24. Rxd1 Qxf4 25. Qd3 h6 26. Qd7 Qc7 27. Qa4 Qc6 28. Qxc6 Rxc6 29. Rd8+ Kh7 30. Rd7 f6 31. Rxa7 Rd6 32. Kc1 e5 33. Rc7 e4 34. g4 Kg6 35. Re7 Rd4 36. c3 Rc4 37. Kd2 b5 38. b3 Rc5 39. Rxe4 Kg5 40. Re3 Kh4 41. Kd3 f5 42. gxf5 Rxf5 43. Kd4 g5 44. c4 Rf4+ 45. Kc5 bxc4 46. bxc4 g4 47. hxg4 Kxg4 48. a4 h5 49. a5 h4 50. a6 h3 51. Re1 Rf2 52. Ra1 h2 53. a7 Ra2 54. Rxa2 h1=Q 55. a8=Q Qg1+ 56. Kb5 Qb1+ 57. Kc5 Qg1+ 58. Kd6 Qb6+ 59. Kd5 Qc7 60. Qg8+ Kf3 61. Qg2+ Ke3 62. Re2+ Kd3 63. Qf3# 1-0

[Event "Scarborough CC Early Summer U1700"]
[Site "Toronto CAN"]
[Date "2008.05.08"]
[Round "1"]
[White "Zlatanov, Petar"]
[Black "Jizan, Masoud"]
[Result "0-1"]
[WhiteElo "1522"]
[BlackElo "1626"]
[PlyCount "69"]
[GameId "2160767910350909"]
[EventDate "2008.05.08"]
[EventType "swiss"]
[EventRounds "8"]
[EventCountry "CAN"]
[SourceTitle "EXT 2011"]
[Source "ChessBase"]
[SourceDate "2011.11.26"]
[SourceVersion "1"]
[SourceVersionDate "2011.11.26"]
[SourceQuality "1"]

1. e4 c5 2. Nf3 Nc6 3. Nc3 d6 4. d4 cxd4 5. Nxd4 Nxd4 6. Qxd4 Bd7 7. Bg5 Qa5 8. Bh4 Rc8 9. Bc4 a6 10. O-O Qh5 11. Bg3 Nf6 12. Be2 Qg6 13. f4 e5 14. fxe5 dxe5 15. Qxe5+ Be6 16. Kh1 Be7 17. Bd3 O-O 18. Nd5 Rfe8 19. Nf4 Qg4 20. Be2 Nd7 21. Bxg4 Nxe5 22. Bxe6 fxe6 23. Nxe6 Bf6 24. Nf4 Rxc2 25. Nd5 Rxb2 26. Nxf6+ gxf6 27. Rxf6 Ng6 28. Re1 Rxa2 29. Rb6 Re7 30. h3 Ra4 31. e5 Ra3 32. Kh2 a5 33. e6 Rd3 34. Ra1 Rd5 35. Ra4 0-1

[Event "Scarborough CC Early Summer U1700"]
[Site "Toronto CAN"]
[Date "2008.05.15"]
[Round "2"]
[White "Roe, Jim"]
[Black "Dattani, Dinesh"]
[Result "1-0"]
[WhiteElo "1639"]
[BlackElo "1316"]
[PlyCount "21"]
[GameId "2160767910350910"]
[EventDate "2008.05.08"]
[EventType "swiss"]
[EventRounds "8"]
[EventCountry "CAN"]
[SourceTitle "EXT 2011"]
[Source "ChessBase"]
[SourceDate "2011.11.26"]
[SourceVersion "1"]
[SourceVersionDate "2011.11.26"]
[SourceQuality "1"]

1. d4 d5 2. c4 c6 3. Nc3 Nf6 4. Nf3 e6 5. Bg5 Bb4 6. e3 Nbd7 7. a3 Bxc3+ 8. bxc3 Qa5 9. Qb3 Ne4 10. Qb4 Qb6 11. Qe7# 1-0

[Event "Scarborough CC Early Summer U1700"]
[Site "Toronto CAN"]
[Date "2008.05.15"]
[Round "3"]
[White "Ben Avraham, Mark"]
[Black "Ward, Dean"]
[Result "0-1"]
[WhiteElo "1461"]
[BlackElo "1592"]
[PlyCount "102"]
[GameId "2160767910350913"]
[EventDate "2008.05.08"]
[EventType "swiss"]
[EventRounds "8"]
[EventCountry "CAN"]
[SourceTitle "EXT 2011"]
[Source "ChessBase"]
[SourceDate "2011.11.26"]
[SourceVersion "1"]
[SourceVersionDate "2011.11.26"]
[SourceQuality "1"]

1. e4 c5 2. d4 cxd4 3. c3 dxc3 4. Nxc3 a6 5. Nf3 Nc6 6. Bf4 Nf6 7. Bc4 Qb6 8. Qe2 d6 9. e5 dxe5 10. Nxe5 Nxe5 11. Bxe5 Bg4 12. f3 Be6 13. Bxe6 Qxe6 14. Rd1 Rc8 15. O-O Nd7 16. Rfe1 Qxe5 17. Qxe5 Nxe5 18. Rxe5 e6 19. Ne4 Rc2 20. Rd2 Rxd2 21. Nxd2 Be7 22. Nb3 O-O 23. Na5 b6 24. Nc6 Bc5+ 25. Kf1 Bd6 26. Re2 Bxh2 27. Rd2 Bf4 28. Rd7 Be3 29. Ke2 Bc1 30. b3 Ba3 31. Kd3 a5 32. Kc4 g6 33. Kb5 Bc5 34. Nxa5 Ra8 35. Nb7 Rxa2 36. Nxc5 bxc5 37. Kxc5 Rxg2 38. b4 Rc2+ 39. Kd6 h5 40. Ke5 h4 41. Kf6 Rf2 42. Rd3 h3 43. Rd1 Rxf3+ 44. Kg5 Rb3 45. Kh6 Kf8 46. Kg5 Rxb4 47. Rh1 Rb5+ 48. Kg4 Rh5 49. Rxh3 Rxh3 50. Kxh3 f5 51. Kh4 e5 0-1

[Event "Scarborough CC Early Summer U1700"]
[Site "Toronto CAN"]
[Date "2008.05.15"]
[Round "3"]
[White "Pishdad, Hassan"]
[Black "Smith, Maurice"]
[Result "0-1"]
[WhiteElo "1291"]
[BlackElo "1573"]
[PlyCount "65"]
[GameId "2160767910350914"]
[EventDate "2008.05.08"]
[EventType "swiss"]
[EventRounds "8"]
[EventCountry "CAN"]
[SourceTitle "EXT 2011"]
[Source "ChessBase"]
[SourceDate "2011.11.26"]
[SourceVersion "1"]
[SourceVersionDate "2011.11.26"]
[SourceQuality "1"]

1. d4 Nf6 2. Nc3 d5 3. Bg5 Bg4 4. h3 Bh5 5. Bxf6 exf6 6. g4 Bg6 7. Bg2 c6 8. a3 Bd6 9. e4 Qe7 10. Qe2 dxe4 11. Bxe4 O-O 12. Bxg6 Qxe2+ 13. Ngxe2 fxg6 14. O-O-O Na6 15. f4 Rfe8 16. Rde1 Re7 17. g5 Rae8 18. h4 Bxf4+ 19. Nxf4 Rxe1+ 20. Rxe1 Rxe1+ 21. Kd2 Re8 22. Kd3 f5 23. Kd2 Nc7 24. Kd3 Ne6 25. Nxe6 Rxe6 26. b4 f4 27. Ne4 f3 28. Nf2 Kf7 29. Ng4 Ke7 30. Kd2 Re4 31. Nf2 Rxd4+ 32. Ke3 Rxh4 33. Kxf3 0-1

[Event "Scarborough CC Early Summer U1700"]
[Site "Toronto CAN"]
[Date "2008.05.15"]
[Round "3"]
[White "Xie, Peter"]
[Black "Ward, Dean"]
[Result "0-1"]
[WhiteElo "1373"]
[BlackElo "1592"]
[PlyCount "27"]
[GameId "2160767910350915"]
[EventDate "2008.05.08"]
[EventType "swiss"]
[EventRounds "8"]
[EventCountry "CAN"]
[SourceTitle "EXT 2011"]
[Source "ChessBase"]
[SourceDate "2011.11.26"]
[SourceVersion "1"]
[SourceVersionDate "2011.11.26"]
[SourceQuality "1"]

1. e4 c5 2. Nf3 e6 3. d4 cxd4 4. Nxd4 Nf6 5. Nc3 Bb4 6. Ndb5 Nxe4 7. Bf4 Bxc3+ 8. bxc3 Na6 9. f3 Qf6 10. fxe4 Qxf4 11. Be2 O-O 12. Bf3 Qe5 13. Qd3 Nb4 14. Nd4 0-1

[Event "Scarborough CC Early Summer U1700"]
[Site "Toronto CAN"]
[Date "2008.06.12"]
[Round "6"]
[White "Douglas, Steven"]
[Black "Ward, Dean"]
[Result "0-1"]
[WhiteElo "1543"]
[BlackElo "1592"]
[PlyCount "60"]
[GameId "2160767910350919"]
[EventDate "2008.05.08"]
[EventType "swiss"]
[EventRounds "8"]
[EventCountry "CAN"]
[SourceTitle "EXT 2011"]
[Source "ChessBase"]
[SourceDate "2011.11.26"]
[SourceVersion "1"]
[SourceVersionDate "2011.11.26"]
[SourceQuality "1"]

1. e4 c5 2. Nc3 e6 3. f4 a6 4. a3 Qc7 5. f5 b5 6. fxe6 dxe6 7. a4 b4 8. Nce2 Bb7 9. Ng3 Nf6 10. d3 Bd6 11. Nh5 Nxh5 12. Qxh5 g6 13. Qh4 Be7 14. Qf2 O-O 15. Nf3 Bf6 16. Bh6 Bxb2 17. Bxf8 Bxa1 18. Ng5 Bc3+ 19. Kd1 Bd4 20. Qf3 Nc6 21. Bh6 Ne5 22. Qh3 Qd7 23. Nxh7 Nxd3 24. Bxd3 Kxh7 25. e5 Rh8 26. Qh5 Kg8 27. Qg5 c4 28. Rf1 cxd3 29. Qxg6+ fxg6 30. Rf8+ Kh7 0-1

[Event "Scarborough CC Early Summer U1700"]
[Site "Toronto CAN"]
[Date "2008.06.19"]
[Round "7"]
[White "Azmitia, Gabriel"]
[Black "Dattani, Dinesh"]
[Result "1-0"]
[WhiteElo "1482"]
[BlackElo "1327"]
[PlyCount "90"]
[GameId "2160767910350920"]
[EventDate "2008.05.08"]
[EventType "swiss"]
[EventRounds "8"]
[EventCountry "CAN"]
[SourceTitle "EXT 2011"]
[Source "ChessBase"]
[SourceDate "2011.11.26"]
[SourceVersion "1"]
[SourceVersionDate "2011.11.26"]
[SourceQuality "1"]

1. d4 d5 2. c4 c6 3. Nc3 Nf6 4. Nf3 Nbd7 5. Bf4 e6 6. cxd5 exd5 7. h3 Bb4 8. Bd2 O-O 9. e3 Re8 10. Bd3 c5 11. dxc5 Nxc5 12. Be2 Bf5 13. a3 Bxc3 14. Bxc3 Nce4 15. Bd4 Rc8 16. O-O b6 17. Nh4 Be6 18. Ba6 Rc7 19. Nf3 Qd7 20. Ne5 Qe7 21. Rc1 Bc8 22. Bb5 Rxc1 23. Qxc1 Bd7 24. Nxd7 Nxd7 25. Qc2 Nd6 26. Bd3 h6 27. Rc1 Rc8 28. Qd2 Rxc1+ 29. Qxc1 Ne4 30. Qc8+ Kh7 31. f3 Ne5 32. Bxe5 Qxe5 33. fxe4 dxe4 34. Bc2 Qxb2 35. Qf5+ Kg8 36. Bxe4 g6 37. Qc8+ Kg7 38. Qa6 Qc1+ 39. Kf2 Qd2+ 40. Kf3 Qd1+ 41. Qe2 Qa4 42. Qb2+ f6 43. Qc1 Qd7 44. Kf2 f5 45. Bf3 Kf6 1-0

[Event "Scarborough CC Early Summer U1700"]
[Site "Toronto CAN"]
[Date "2008.06.26"]
[Round "8"]
[White "Dattani, Dinesh"]
[Black "Xie, Peter"]
[Result "0-1"]
[WhiteElo "1376"]
[BlackElo "1373"]
[PlyCount "68"]
[GameId "2160767910350922"]
[EventDate "2008.05.08"]
[EventType "swiss"]
[EventRounds "8"]
[EventCountry "CAN"]
[SourceTitle "EXT 2011"]
[Source "ChessBase"]
[SourceDate "2011.11.26"]
[SourceVersion "1"]
[SourceVersionDate "2011.11.26"]
[SourceQuality "1"]

1. d4 d5 2. c4 c6 3. Nf3 Bf5 4. e3 e6 5. cxd5 exd5 6. Bd3 Bxd3 7. Qxd3 Nf6 8. Nc3 Bb4 9. Bd2 O-O 10. O-O Bxc3 11. Bxc3 Ne4 12. Rac1 Qb6 13. Ne5 Qc7 14. Bb4 Re8 15. Qa3 Nd7 16. Ba5 Qc8 17. Nd3 Nb6 18. b3 Qe6 19. Nc5 Nxc5 20. Rxc5 Nc8 21. Rfc1 Ne7 22. R5c2 Nf5 23. Bd2 Qg6 24. g3 h5 25. Kh1 h4 26. Rg1 hxg3 27. Rcc1 Qh5 28. fxg3 Qe2 29. Qb4 c5 30. Rxc5 Qf3+ 31. Rg2 Nxe3 32. Bxe3 Rxe3 33. Qd2 Re2 34. Rc3 Qxg2# 0-1

[Event "Scarborough CC Early Summer U1700"]
[Site "Toronto CAN"]
[Date "2008.06.26"]
[Round "8"]
[White "Hall, John2"]
[Black "Lamb, Bryan"]
[Result "1-0"]
[WhiteElo "2128"]
[BlackElo "2202"]
[PlyCount "64"]
[GameId "2160767910350923"]
[EventDate "2008.05.08"]
[EventType "swiss"]
[EventRounds "8"]
[EventCountry "CAN"]
[SourceTitle "EXT 2011"]
[Source "ChessBase"]
[SourceDate "2011.11.26"]
[SourceVersion "1"]
[SourceVersionDate "2011.11.26"]
[SourceQuality "1"]

1. d4 Nf6 2. c4 e6 3. Nf3 b6 4. g3 Bb7 5. Bg2 Bb4+ 6. Bd2 a5 7. O-O O-O 8. Bg5 Be7 9. Nc3 Ne4 10. Bxe7 Qxe7 11. Qc2 f5 12. Nd2 Nxc3 13. Qxc3 Bxg2 14. Kxg2 d6 15. c5 bxc5 16. dxc5 d5 17. Nf3 Nc6 18. Ne5 Nxe5 19. Qxe5 Rfb8 20. Rac1 Rb4 21. f3 Rab8 22. Rc2 Qd7 23. Rd1 Qc6 24. Rd4 Rxb2 25. Rxb2 Rxb2 26. g4 Qa6 27. Kf2 g6 28. gxf5 gxf5 29. Rd1 Rb7 30. Rg1+ Kf7 31. Qg7+ Ke8 32. Qxh7 Qxe2+ 1-0

[Event "Scarborough CC Early Summer U1700"]
[Site "Toronto CAN"]
[Date "2008.06.26"]
[Round "8"]
[White "Pishdad, Hassan"]
[Black "Gaffney, Kevin"]
[Result "1-0"]
[WhiteElo "1291"]
[BlackElo "1561"]
[PlyCount "63"]
[GameId "2160767910350924"]
[EventDate "2008.05.08"]
[EventType "swiss"]
[EventRounds "8"]
[EventCountry "CAN"]
[SourceTitle "EXT 2011"]
[Source "ChessBase"]
[SourceDate "2011.11.26"]
[SourceVersion "1"]
[SourceVersionDate "2011.11.26"]
[SourceQuality "1"]

1. e4 e5 2. Nf3 Nc6 3. a3 Nf6 4. Nc3 d5 5. exd5 Nxd5 6. Nxd5 Qxd5 7. c4 Qd8 8. Qe2 Bg4 9. d4 Bxf3 10. Qxf3 Nxd4 11. Qe4 Qd6 12. Be3 f5 13. Qd3 Be7 14. O-O-O c5 15. Bxd4 exd4 16. Qxf5 Qh6+ 17. Kb1 Rf8 18. Qc2 O-O-O 19. Bd3 g6 20. Rde1 Rde8 21. Be4 Bd8 22. Qb3 Qg7 23. f3 Rf6 24. Bxb7+ Kc7 25. Rxe8 Rb6 26. Qd3 Rxb7 27. Rhe1 Bg5 28. R1e4 Kb6 29. f4 Bf6 30. R4e6+ Kc7 31. Qe4 d3 32. Qc6# 1-0

[Event "Scarborough CC Early Summer U1700"]
[Site "Toronto CAN"]
[Date "2008.06.26"]
[Round "8"]
[White "Ward, Dean"]
[Black "Smith, Maurice"]
[Result "0-1"]
[WhiteElo "1592"]
[BlackElo "1573"]
[PlyCount "116"]
[GameId "2160767910350925"]
[EventDate "2008.05.08"]
[EventType "swiss"]
[EventRounds "8"]
[EventCountry "CAN"]
[SourceTitle "EXT 2011"]
[Source "ChessBase"]
[SourceDate "2011.11.26"]
[SourceVersion "1"]
[SourceVersionDate "2011.11.26"]
[SourceQuality "1"]

1. e4 c5 2. Nf3 d6 3. d4 cxd4 4. Nxd4 Nf6 5. Nc3 g6 6. Bb5+ Bd7 7. Qe2 a6 8. Bxd7+ Nbxd7 9. O-O Bg7 10. Be3 O-O 11. a4 Rc8 12. Ra3 Nc5 13. f3 Qd7 14. Rd1 Qc7 15. Qd2 Ncd7 16. Kh1 Ne5 17. Rb3 Nc4 18. Qc1 Nxe3 19. Qxe3 e6 20. Nde2 Rfd8 21. Qb6 Rd7 22. Qxc7 Rcxc7 23. Rb6 Ne8 24. Rc1 Rc4 25. Kg1 Bh6 26. f4 Bg7 27. Kf2 Nf6 28. Kf3 h5 29. b3 Rcc7 30. Nd1 d5 31. e5 Ng4 32. h3 Nh6 33. Nd4 Bf8 34. b4 Rc4 35. c3 Rdc7 36. Ke3 Bxb4 37. Nxe6 fxe6 38. Rxe6 Bc5+ 39. Kf3 Kg7 40. g4 Rf7 41. Rf6 Be7 42. Rxf7+ Kxf7 43. Ne3 Rc5 44. f5 gxf5 45. gxf5 Bg5 46. e6+ Kf6 47. Rg1 Rxc3 48. Rxg5 Kxg5 49. e7 Rc8 50. Nxd5 Nxf5 51. h4+ Kh6 52. Kf4 Nxe7 53. Nxe7 Rf8+ 54. Ke5 Re8 55. Kf6 Rxe7 56. Kxe7 b5 57. axb5 axb5 58. Kd6 b4 0-1

[Event "Scarborough CC Early Summer U1700"]
[Site "Toronto CAN"]
[Date "2008.06.26"]
[Round "8"]
[White "Zlatanov, Petar"]
[Black "Xia, Linda"]
[Result "1-0"]
[WhiteElo "1522"]
[BlackElo "1534"]
[PlyCount "104"]
[GameId "2160767910350926"]
[EventDate "2008.05.08"]
[EventType "swiss"]
[EventRounds "8"]
[EventCountry "CAN"]
[SourceTitle "EXT 2011"]
[Source "ChessBase"]
[SourceDate "2011.11.26"]
[SourceVersion "1"]
[SourceVersionDate "2011.11.26"]
[SourceQuality "1"]

1. e4 e5 2. Nf3 Nf6 3. Nc3 Bb4 4. d3 d6 5. Bd2 Nc6 6. Nd5 Bxd2+ 7. Qxd2 Nxd5 8. exd5 Ne7 9. c4 b5 10. d4 bxc4 11. Bxc4 exd4 12. Nxd4 O-O 13. O-O Ng6 14. Rfe1 Bd7 15. Rad1 Re8 16. Bb5 Rxe1+ 17. Rxe1 Bxb5 18. Nxb5 a6 19. Nd4 Ne5 20. f4 Nc4 21. Qc3 Nb6 22. Nc6 Qd7 23. Qd4 Re8 24. Rxe8+ Qxe8 25. Kf2 f6 26. b3 Qh5 27. Qe4 Qh4+ 28. Kf3 Qh5+ 29. Kf2 Qh4+ 30. Ke3 Qe1+ 31. Kf3 Qxe4+ 32. Kxe4 g6 33. g4 Nd7 34. Nd8 Nc5+ 35. Kd4 a5 36. Nc6 Nb7 37. a3 Kf7 38. Kc4 Ke8 39. Kb5 Kd7 40. Nxa5 Nxa5 41. Kxa5 Kc8 42. Kb5 Kb7 43. a4 h6 44. b4 f5 45. gxf5 gxf5 46. a5 h5 47. h4 Kc8 48. Kc6 Kb8 49. a6 Ka7 50. Kxc7 Kxa6 51. Kxd6 Kb5 52. Ke7 Kxb4 1-0

[Event "Scarborough CC Fall Swiss"]
[Site "Toronto CAN"]
[Date "2008.10.30"]
[Round "1"]
[White "Armstrong, Robert J"]
[Black "Hall, John2"]
[Result "0-1"]
[WhiteElo "1804"]
[BlackElo "2208"]
[PlyCount "44"]
[GameId "2160767910294532"]
[EventDate "2008.10.30"]
[EventType "swiss"]
[EventRounds "8"]
[EventCountry "CAN"]
[SourceTitle "EXT 2011"]
[Source "ChessBase"]
[SourceDate "2011.11.26"]
[SourceVersion "1"]
[SourceVersionDate "2011.11.26"]
[SourceQuality "1"]

1. d4 d5 2. c4 dxc4 3. a4 e5 4. d5 Nf6 5. Nc3 Bb4 6. Bd2 O-O 7. e3 Bxc3 8. Bxc3 Nxd5 9. Bxe5 Nc6 10. Bd4 Ndb4 11. Nf3 Nxd4 12. exd4 Re8+ 13. Be2 Nd3+ 14. Kf1 Bf5 15. Qd2 h6 16. Rd1 c5 17. dxc5 Qd5 18. Qc3 Rxe2 19. Rd2 Rxd2 20. Qxd2 Re8 21. h3 Be4 22. Qe3 Qc6 0-1